| 000 | 00369nam a22001457a 4500 | ||
|---|---|---|---|
| 020 | _qPB. | ||
| 040 | _cFIZZA ISHAQ | ||
| 082 |
_a624.1824 _bZHE |
||
| 100 |
_aGUO, ZHENHAI. _990745 |
||
| 245 |
_aPRINCIPLE OF REINFORCED CONCRETE / _cZHENHAI GUO. |
||
| 250 | _a1st ED. | ||
| 260 |
_aNEW DEHLI ; _bBUTTERWORTH HEINEMANN, _c2014. |
||
| 300 | _a590 P. ; | ||
| 942 |
_2ddc _cBK |
||
| 999 |
_c588972 _d588972 |
||